000 01071cab a2200289 4500
001 ABS54482
008 090401t1996 xxu||||| |||| 00| 0 eng d
035 _a(Sirsi) u10694
041 _aeng
100 _aSullivan, K.
245 _aChanging technology and forecasting office space requirements
260 _c1996
350 _a0
490 _aProperty Management
_v14(1) 1996, 24-29(6)
520 _aOutlines implications for office planning and design of changes in information technology services, demographics and corporate culture (teleworking, hotdesking, etc.). Suggests that traditional variables for modelling demand, such as rental charges and building costs, might be replaced by alternatives.
650 _aDEMOGRAPHICS
650 _aFUTURE
650 _aHOTDESKING
650 _aOFFICE PLANNING
650 _aOFFICES
650 _aTELEWORKING
650 _aWORKPLACE MANAGEMENT
690 _aBUILT ENVIRONMENT-CONSTRUCTION DESIGN
690 _aMANAGEMENT-BUSINESS MANAGEMENT-INFORMATION MANAGEMENT
942 _n0
948 _c04/03/1997
999 _c6786
_d6786